Loading...
| History - Other | 0 | 9 | 1 | 1 | 85 | 11 | 53.78 | 4 | 8 | 0.00 | 0.00 |
| History - American | 0 | 6 | 0 | 1 | 60 | 23 | 64.00 | 0 | 3 | 0.00 | 0.00 |
| History - European | 0 | 5 | 0 | 0 | 50 | 23 | 48.80 | 1 | 5 | 0.00 | 0.00 |
| Philosophy | 0 | 5 | 0 | 1 | 50 | 61 | 94.20 | 0 | 2 | 0.00 | 0.00 |
| Literature - British | 0 | 3 | 0 | 0 | 30 | 89 | 101.67 | 0 | 0 | 0.00 | 0.00 |
| Literature - World | 0 | 3 | 0 | 0 | 30 | 86 | 96.67 | 0 | 1 | 0.00 | 0.00 |
| Painting/Sculpture | 0 | 3 | 1 | 0 | 25 | 41 | 68.33 | 1 | 2 | 0.00 | 0.00 |
| History - World | 0 | 3 | 1 | 0 | 25 | 44 | 62.33 | 1 | 2 | 0.00 | 0.00 |
| Pop Culture | 0 | 3 | 1 | 0 | 25 | 24 | 43.33 | 0 | 2 | 0.00 | 0.00 |
| Mythology | 0 | 3 | 1 | 0 | 25 | 61 | 77.00 | 0 | 1 | 0.00 | 0.00 |
| Social Science | 0 | 2 | 0 | 0 | 20 | 61 | 64.00 | 0 | 2 | 0.00 | 0.00 |
| Literature - American | 0 | 2 | 0 | 1 | 20 | 107 | 112.00 | 0 | 0 | 0.00 | 0.00 |
| Religion | 0 | 2 | 0 | 0 | 20 | 34 | 63.50 | 1 | 1 | 0.00 | 0.00 |
| Science - Chemistry | 0 | 2 | 0 | 0 | 20 | 62 | 78.50 | 0 | 1 | 0.00 | 0.00 |
| Current Events | 0 | 2 | 0 | 0 | 20 | 18 | 22.00 | 1 | 2 | 0.00 | 0.00 |
| Science - Physics | 0 | 1 | 0 | 0 | 10 | 101 | 101.00 | 0 | 0 | 0.00 | 0.00 |
| Science - Other | 0 | 2 | 2 | 1 | 10 | 100 | 104.50 | 0 | 0 | 0.00 | 0.00 |
| Fine Arts - Classical Music | 0 | 1 | 0 | 0 | 10 | 108 | 108.00 | 0 | 0 | 0.00 | 0.00 |
| Literature - European | 0 | 1 | 0 | 0 | 10 | 122 | 122.00 | 0 | 1 | 0.00 | 0.00 |
| Science - Biology | 0 | 1 | 1 | 1 | 5 | 95 | 95.00 | 0 | 0 | 0.00 | 0.00 |
| Geography | 0 | 1 | 1 | 1 | 5 | 119 | 119.00 | 0 | 0 | 0.00 | 0.00 |
| Fine Arts - Other | 0 | 0 | 1 | 0 | -5 | 0.00 | 0 | 0 | 0.00 | 0.00 |